Fr. Conceicao Rodrigues College of Engineering

Industrial electronics (Record no. 34452)

MARC details
000 -LEADER
fixed length control field 00353nam a2200157Ia 4500
082 ## - DEWEY DECIMAL CLASSIFICATION NUMBER
Classification number 621.3
Item number Mor
100 ## - MAIN ENTRY--PERSONAL NAME
Personal name Morris/ Noel
245 ## - TITLE STATEMENT
Title Industrial electronics
260 ## - PUBLICATION, DISTRIBUTION, ETC.
Name of publisher, distributor, etc. Mc Graw Hill
Place of publication, distribution, etc. London
Date of publication, distribution, etc. 1978
300 ## - PHYSICAL DESCRIPTION
Extent 305
546 ## - LANGUAGE NOTE
Language note ENGLISH
650 ## - SUBJECT ADDED ENTRY--TOPICAL TERM
Topical term or geographic name entry element Electrical Engineering
654 ## - SUBJECT ADDED ENTRY--FACETED TOPICAL TERMS
Focus term Industrial electronics
942 ## - ADDED ENTRY ELEMENTS (KOHA)
Koha item type BOOK
Holdings
Withdrawn status Lost status Damaged status Not for loan Collection Home library Current library Shelving location Date acquired Total Checkouts Full call number Barcode Date last seen Price effective from Koha item type
        AFT Fr. Agnel's C.Rodrigues College of Engineering Fr. Agnel's C.Rodrigues College of Engineering   17/03/2023   621.3 Mor AFT4001 17/03/2023 17/03/2023 BOOK